| 000 | 00572nam a2200217Ia 4500 | ||
|---|---|---|---|
| 999 |
_c12725 _d12725 |
||
| 003 | 0100 | ||
| 005 | 20180308143311.0 | ||
| 008 | 130303s9999 xx 000 0 und d | ||
| 020 | _a582643546 | ||
| 040 | _cARRUPELIB | ||
| 050 | _aDT962.42.B471982 | ||
| 100 |
_aBhila, H.H.K _940384 |
||
| 245 |
_aTrade and politics in a Shona kingdom: _bthe Manyika and their African and Portuguese neighbours, 1575-1902 / |
||
| 260 |
_aHarlow, Essex _bLongman _c1982 |
||
| 300 | _axvi | ||
| 300 | _b 291p. 23cm | ||
| 650 |
_aManyika (African people) _xCommerce _940385 |
||
| 650 |
_aManyika (African people) _xPolitics _940386 |
||
| 650 |
_aZimbabwe _xHistory _910314 |
||
| 700 |
_aH.H.K Bhila _940387 |
||
| 942 |
_2lcc _cMONOGRAPH |
||